| 000 | 01051nam a2200313Ia 4500 | ||
|---|---|---|---|
| 005 | 20220317001742.0 | ||
| 008 | 170328s2006 s g 000 f s | ||
| 020 | _a9788420655222 | ||
| 041 | _aspa | ||
| 100 | 1 |
_aGrahame, Kenneth _d1859-1932 |
|
| 245 | 1 | 3 |
_aEl viento en los sauces _cKenneth Grahame ; traducción Lourdes Huanqui |
| 250 | _a1a. edición | ||
| 300 |
_a195 páginas _c19 cm |
||
| 490 | _aEl libro de bolsillo : biblioteca juvenil | ||
| 521 | _aRecomendado desde los 12 años | ||
| 534 | _tThe wind in the willows | ||
| 650 | 1 | 4 |
_2LEMB _aNovela juvenil escocesa _ySiglo XIX |
| 650 | 1 | 4 |
_2LEMB _aLiteratura juvenil escocesa _ySiglo XIX |
| 650 | 1 | 4 |
_2LEMB _aAnimales en la literatura |
| 650 | 1 | 4 |
_2LEMB _aAventuras en la literatura |
| 700 | 1 |
_aHuanqui, Lourdes _etraductora _991261 |
|
| 942 |
_2loc _cBKLIT |
||
| 264 |
_aMadrid _bAlianza _c2006 |
||
| 336 |
_atexto _btxt _2rdacontent |
||
| 337 |
_asin mediación _bn _2rdamedia |
||
| 338 |
_avolumen _bnc _2rdacarrier |
||
| 040 |
_aCO-BoRNBP _bspa _erda _cCO-BoRNBP |
||
| 084 | _aN GRA6 | ||
| 999 |
_c7971 _d7971 |
||